Eastern Utah Libraries Catalog: Duchesne, Heber, Roosevelt, & Vernal

Rise of the wolf (Record no. 205804)

MARC details
000 -LEADER
fixed length control field 02151pim a2200517 i 4500
001 - CONTROL NUMBER
control field BK0017356574
005 - DATE AND TIME OF LATEST TRANSACTION
control field 20210524141157.0
007 - PHYSICAL DESCRIPTION FIXED FIELD--GENERAL INFORMATION
fixed length control field sd fungnnmmned
008 - FIXED-LENGTH DATA ELEMENTS--GENERAL INFORMATION
fixed length control field 151215s2016 nyunnnnj f n eng d
010 ## - LIBRARY OF CONGRESS CONTROL NUMBER
LC control number bl2015055750
020 ## - INTERNATIONAL STANDARD BOOK NUMBER
International Standard Book Number 9780545910286 : CMD
Terms of availability 39.99
020 ## - INTERNATIONAL STANDARD BOOK NUMBER
International Standard Book Number 0545910285 : CMD
Terms of availability 39.99
Qualifying information retail
-- library
037 ## - SOURCE OF ACQUISITION
Source of stock number/acquisition Scholastic Audio, Po Box 7502, Jefferson City, MO, USA, 65102
Note SAN 860-0023
040 ## - CATALOGING SOURCE
Original cataloging agency NjBwBT
Language of cataloging eng
Transcribing agency NjBwBT
Description conventions rda
Modifying agency NjBwBT
050 14 - LIBRARY OF CONGRESS CALL NUMBER
Classification number PZ7.N5672
Item number Ri 2016b
082 04 - DEWEY DECIMAL CLASSIFICATION NUMBER
Classification number [Fic]
Edition number 23
092 ## - LOCALLY ASSIGNED DEWEY CALL NUMBER (OCLC)
Classification number FIC
100 1# - MAIN ENTRY--PERSONAL NAME
Personal name Nielsen, Jennifer A,
Relator term author.
9 (RLIN) 5896815
240 10 - UNIFORM TITLE
Uniform title <a href="Works.">Works.</a>
Form subheading Selections.
Date of a work 2016
245 10 - TITLE STATEMENT
Title Rise of the wolf
Medium [sound recording] /
Statement of responsibility, etc Jennifer A. Nielsen.
250 ## - EDITION STATEMENT
Edition statement Unabridged.
264 #1 - Production, Publication, Distribution, Manufacture, and Copyright Notice.
Place of production, publication, distribution, manufacture New York, NY :
Name of producer, publisher, distributor, manufacturer Scholastic Audiobooks,
Date of production, publication, distribution, manufacture, or copyr [2016]
300 ## - PHYSICAL DESCRIPTION
Extent 8 audio discs (8 hr., 38 min.) ;
Dimensions 4 3/4 in..
306 ## - PLAYING TIME
Playing time 083800
336 ## - Content Type
Content type term spoken word
337 ## - Media type
Media type term audio
338 ## - Carrier type
Carrier type term audio disc
490 1# - SERIES STATEMENT
Series statement Mark of the thief ;
Volume number/sequential designation book two
500 ## - GENERAL NOTE
General note "Bonus story by the author! 'Atroxia.'"
511 0# - PARTICIPANT OR PERFORMER NOTE
Participant or performer note Read by MacLeod Andrews.
520 ## - SUMMARY, ETC.
Summary, etc Swept up by the Praetor War after escaping slavery in the mines outside of Rome, Nic is targeted by enemies who take his mother captive in order to force him to help them obtain a powerful amulet that could destroy the Roman empire.
650 #1 - SUBJECT ADDED ENTRY--TOPICAL TERM
Topical term or geographic name as entry element Magic
Form subdivision Fiction.
9 (RLIN) 5673694
650 #1 - SUBJECT ADDED ENTRY--TOPICAL TERM
Topical term or geographic name as entry element Amulets
Form subdivision Fiction.
9 (RLIN) 5691538
650 #1 - SUBJECT ADDED ENTRY--TOPICAL TERM
Topical term or geographic name as entry element Conspiracies
Form subdivision Fiction.
9 (RLIN) 5673860
650 #1 - SUBJECT ADDED ENTRY--TOPICAL TERM
Topical term or geographic name as entry element Dragons
Form subdivision Fiction.
9 (RLIN) 5673926
650 #1 - SUBJECT ADDED ENTRY--TOPICAL TERM
Topical term or geographic name as entry element Chariot racing
Form subdivision Fiction.
9 (RLIN) 6418812
650 #1 - SUBJECT ADDED ENTRY--TOPICAL TERM
Topical term or geographic name as entry element Audiobooks.
651 #0 - SUBJECT ADDED ENTRY--GEOGRAPHIC NAME
Geographic name Rome
General subdivision History
Chronological subdivision Empire, 30 B.C.-476 A.D.
Form subdivision Juvenile fiction.
9 (RLIN) 6418809
651 #1 - SUBJECT ADDED ENTRY--GEOGRAPHIC NAME
Geographic name Rome
General subdivision Antiquities
Form subdivision Fiction.
9 (RLIN) 6418810
651 #1 - SUBJECT ADDED ENTRY--GEOGRAPHIC NAME
Geographic name Rome
General subdivision History
Chronological subdivision Empire, 30 B.C.-476 A.D.
Form subdivision Fiction.
9 (RLIN) 5793340
655 #7 - INDEX TERM--GENRE/FORM
Genre/form data or focus term Children's audiobooks.
Source of term lcgft
9 (RLIN) 5675081
700 1# - ADDED ENTRY--PERSONAL NAME
Personal name Andrews, MacLeod,
Relator term narrator.
700 12 - ADDED ENTRY--PERSONAL NAME
Personal name Nielsen, Jennifer A.
Title of a work Atroxia.
9 (RLIN) 6418813
800 1# - SERIES ADDED ENTRY--PERSONAL NAME
Personal name Nielsen, Jennifer A.
Title of a work Mark of the thief (Sound recording) ;
Volume/sequential designation bk. 2.
9 (RLIN) 6418814
942 ## - ADDED ENTRY ELEMENTS (KOHA)
Source of classification or shelving scheme Dewey Decimal Classification
Koha item type Audiobook on CD
Holdings
Withdrawn status Lost status Source of classification or shelving scheme Materials specified (bound volume or other part) Damaged status Not for loan Collection code Home library Current library Shelving location Date acquired Cost, normal purchase price Serial Enumeration / chronology Total Checkouts Total Renewals Full call number Barcode Date last seen Date checked out Cost, replacement price Price effective from Koha item type
    Dewey Decimal Classification .CIRCNOTE. 8 discs     Young Adult Audiobooks Wasatch County Library Wasatch County Library Main Floor Junior Area 02/08/2016 39.99 #2 15 5 YA CD Nielsen 34301001224114 01/23/2026 12/15/2025 39.99 03/20/2020 Audiobook on CD
This project was made possible through a grant from the Institute of Museum and Library Service administered by the Utah State Library Division.

Wasatch County Library

  • 465 East 1200 South, Heber City, Utah 84032
  • Phone 435-654-1511 | Fax 435-654-6456

Hours

  • Monday - Friday 9:30 AM - 8:00 PM
  • Saturday 9:30 AM - 1:30 PM
  • Closed Sundays and Holidays